|
|
|
|
| LEADER |
00000cam a2200000 7i4500 |
| 001 |
0000026715 |
| 005 |
20160106.0 |
| 008 |
291215 my # eng |
| 020 |
|
|
|a 9789678925235
|
| 040 |
|
|
|a INS
|
| 090 |
0 |
0 |
|a KPG1020
|b A28 2015
|
| 110 |
1 |
|
|a Malaysia
|
| 245 |
1 |
0 |
|a Food act 1983 (Act 281) & regulations :
|b (as at 20th february 2015)
|c compiled by Legal Research Board
|
| 260 |
|
|
|a Petaling Jaya :
|b International law book services ,
|c 2015
|
| 300 |
|
|
|a 443p. ;
|c 24cm.
|
| 490 |
1 |
|
|a Laws of Malaysia
|
| 650 |
|
0 |
|a Food law and legislation
|z Malaysia
|
| 710 |
2 |
|
|a International Law Book Services .
|b Legal Research Board
|
| 999 |
|
|
|a 1000002531
|b BOOK
|c Open Shelf
|e Default branch
|